| 000 | 00430nam a22001457a 4500 | ||
|---|---|---|---|
| 999 |
_c17078 _d17078 |
||
| 008 | 180802b xxu||||| |||| 00| 0 eng d | ||
| 020 | _a0808923323 | ||
| 050 |
_aRQ181 _b.I46 2006 c.1 |
||
| 245 |
_aImmunology _cedited by David Male, Jonathan Brostoff, David B Roth and Ivan Roitt |
||
| 250 |
_a7th ed. _bInternational Edition |
||
| 260 |
_aUK _bElsevier _c2006 |
||
| 300 | _ax, 552p. | ||
| 650 | _aImmunology | ||
| 942 |
_2lcc _cRES |
||